000
00334nam a22001577a 4500
003
SGT
020
_a
978-0-7506-8869-7
082
_a
617.7, C14E
100
_a
EFRON, NATHAN
245
_a
CONTACT LENS PRACTICE
250
_a
2ND
260
_a
LONDON
_b
ELSEVIER
_c
2014
300
_a
474
650
_a
OPHTHALMOLOGY
942
_2
ddc
_c
BK
999
_c
8470
_d
8470